000
00296nam a22001217a 4500
008
171013b xxu||||| |||| 00| 0 eng d
041
_a
eng
080
_a
316
100
_a
51
101
_a
soc
245
_a
STUDENT WORKBOOK FOR RESEARCH METHODS IN SOCIAL RELATIONS
_c
DANE, F.C
942
_2
udc
_c
BK
999
_c
33773
_d
33773